Týždenník aktualít

Bibliographic Details
Format: Newspaper
Language:Slovak
PhysicalDescription:zv.
Published: Bratislava Moskva Tlačová agentúra Novosti [1968]-[1991]
ISSN:0862-2736
Subjects:

MARC

LEADER 00000cas a2200000 a 4500
001 vtls009089355
003 SK-MaSNL
005 20260228160251.0
008 070827d19681991xo wr|n 0 b0slo
022 |a 0862-2736 
040 |a SNK  |b slo  |c SNK  |d SVKPO  |d SNK  |e AACR2 
041 0 |a slo 
044 |a xo  |c SK  |a ru  |c RU 
072 7 |a 32  |x Politika  |2 konspekt 
080 |a 32  |2 2011 
080 |a 050  |2 2001 
210 0 |a Týžd. akt. 
222 0 |a Týždenník aktualít 
245 0 0 |a Týždenník aktualít 
260 |a Bratislava  |a Moskva  |b Tlačová agentúra Novosti  |c [1968]-[1991]  |f (Pravda) 
300 |a zv. 
310 |a 1x týždenne 
362 0 |a [1968]-[1991] 
650 0 7 |a politika  |2 SNKPH  |9 968 
655 7 |a noviny  |2 SNKPH  |9 72987 
910 |a snk 
999 |c 2013  |d 3943 
952 |0 0  |1 0  |4 0  |7 0  |a SNK  |b SNK  |d 2007-08-27  |i snkČSP 1023/90  |l 0  |o snkČSA 854/22/1989  |p 17A0557999  |r 2026-02-21 21:11:37  |t č. 1-52  |w 2026-02-21  |y PREZ